000 00543ntaaa2200193 4500
003 01
005 20251027202613.0
008 0714s1973 ag 01
040 _aAR-BaBN
_bspa
_cAR-BaBN
_eaacr
_dRIC
082 _a342.7300 C81
100 _aCorwin, Edward S
_925277
245 _aLa constitución
250 _a1 ed.
260 _aBuenos Aires :
_bBibliográfica OMEBA,
_cc1949, c1968
300 _a211 p
500 _aUna interpretación de la constitución de los EE.UU. de Norteamérica
700 _aPeltason, J.W.
_925278
942 _cBK
999 _c21157
_d21157